000 01040nam a2200205Ia 4500
999 _c38341
_d38341
001 4351
003 GE_BSU
005 20191003121619.0
008 181216s1968||||ge |||||||||||||| ||geo||
040 _cGE_BSU
041 _ageo
080 _a378.4(479.22) თ–40
245 _aთბილისის უნივერსიტეტი 1918–1968 :
_bმასალა მომხსენებელთათვის. ცნობარი /
_cრედ.: ი. ვეკუა, დ. გამეზარდაშვილი და სხვ.
264 _aთბილისი :
_bთბილისის უნ–ტის გამ–ბა,
_c1968.
300 _a411 გვ. ;
_b26 სმ.
653 _a თბილისის სახელმწიფო უნივერსიტეტი - ცნობარები
700 _aვეკუა, ი.
_eრედაქტორი
_94467
700 _aგამეზარდაშვილი, დ.
_eრედაქტორი
_94468
942 _cBK
_2udc